000 00895cam a2200277 a 4500
001 15680766
005 20230128090450.0
008 090331r20102009nyu 000 1 eng
010 _a 2009012843
020 _a9780385527965 (alk. paper)
035 _a(OCoLC)ocn317623383
040 _aDLC
_cDLC
_dJST
_dIK2
_dC#P
_dCDX
_dYDXCP
_dBWX
_dB2A
_dBTCTA
_dDLC
043 _aa-io---
050 0 0 _aPR6101.W2
_bM37 2010
082 0 0 _a823.92,TAS
_222
100 1 _aAw, Tash.
_9107972
245 1 0 _aMap of the invisible world /
_ba novel /
_cTash Aw.
250 _a1st U.S. ed.
260 _aNew York :
_bSpiegel & Grau,
_c2010, c2009.
300 _a317 p. ;
_c25 cm.
650 0 _aOrphans
_vFiction.
_97117
650 0 _aBrothers
_vFiction.
_98009
651 0 _aIndonesia
_xPolitics and government
_y1950-1966
_vFiction.
_9107973
906 _a7
_bcbc
_corignew
_d1
_eecip
_f20
_gy-gencatlg
942 _2ddc
_cBK
999 _c593042
_d593042